Wszystkie miejscowości powiatu sanockiego - Statystyki

Ogólne statystyki
  • Ten quiz został rozwiązany 29 razy
  • Średni wynik to 39 z 95
Statystyki odpowiedzi
Hint Odpowiedź % Poprawnych
Gmina Besko Besko
100%
Gmina Bukowsko Bukowsko
100%
Miasto Sanok Sanok
100%
Gmina Tyrawa Wołoska Tyrawa Wołoska
100%
Gmina Zagórz Zagórz
100%
Gmina Komańcza Komańcza
95%
Gmina Zarszyn Zarszyn
95%
Długie
75%
Nowosielce
75%
Gmina Sanok Bykowce
70%
Pisarowce
70%
Trepcza
70%
Jaćmierz
65%
Markowce
65%
Niebieszczany
65%
Stróże Małe
65%
Czerteż
60%
Mrzygłód
60%
Poraż
60%
Prusiek
60%
Strachocina
60%
Tyrawa Solna
60%
Zabłotce
60%
Nadolany
55%
Nowotaniec
55%
Płowce
55%
Stróże Wielkie
55%
Zahutyń
55%
Bażanówka
50%
Jurowce
50%
Kostarowce
50%
Odrzechowa
50%
Pakoszówka
50%
Sanoczek
50%
Tarnawa Dolna
50%
Czaszyn
45%
Falejówka
45%
Hłomcza
45%
Pielnia
45%
Rzepedź
45%
Srogów Dolny
45%
Srogów Górny
45%
Tarnawa Górna
45%
Dudyńce
40%
Szczawne
40%
Wujskie
40%
Dobra
35%
Lalin
35%
Międzybrodzie
35%
Morochów
35%
Nagórzany
35%
Wola Sękowa
35%
Dębna
30%
Jędruszkowce
30%
Liszna
30%
Mymoń
30%
Pobiedno
30%
Posada Jaćmierska
30%
Radoszyce
30%
Wolica
30%
Załuż
30%
Zboiska
30%
Czystogarb
25%
Łodzina
25%
Łukowe
25%
Nowy Łupków
25%
Pastwiska
25%
Posada Zarszyńska
25%
Raczkowa
25%
Turzańsk
25%
Wysoczany
25%
Karlików
20%
Kulaszne
20%
Mokre
20%
Osławica
20%
Rozpucie
20%
Smolnik
20%
Dołzyca
15%
Jawornik
15%
Kalnica
15%
Maniów
15%
Mików
15%
Rakowa
15%
Średnie Wielkie
15%
Stary Łupków
15%
Wisłok Wielki
15%
Duszatyn
10%
Hołuczków
10%
Olchowa
10%
Prełuki
10%
Siemuszowa
10%
Tokarnia
10%
Wola MIchowa
10%
Wola Piotrowa
10%
Poręby
0%
Nie znaleziono quizów pasujących do podanych kryteriów
Rozkład punktacji
Procent ludzi z każdym wynikiem
Percentyl według liczby udzielonych odpowiedzi
Twoja historia wyników
Nie rozwiązałeś tego quizu